| 000 | 00928 a2200229 4500 | ||
|---|---|---|---|
| 999 |
_c2277 _d2277 |
||
| 020 | _a9781591842088 | ||
| 050 | 0 | 0 | _aHD 31 MAN 2008 |
| 100 | _aLauer, Chris | ||
| 245 | 0 | 4 |
_aThe management gurus : _blessons from the best management books of all time / _cChris Lauer and the [other] editors at Soundview Executive Book Summaries . |
| 250 | _a1st ed. | ||
| 264 |
_aNew York: _bPenguin Group, _c2008 |
||
| 300 |
_a278 p. : _bill. ; |
||
| 500 | _aIncludes index. | ||
| 650 | 0 | _aManagement. | |
| 650 | 0 | _aLeadership. | |
| 650 | 0 | _aExecutive ability. | |
| 700 | 1 | _aLauer, Chris. | |
| 856 | 4 | 2 |
_3Contributor biographical information _uhttp://www.loc.gov/catdir/enhancements/fy0838/2008300046-b.html |
| 856 | 4 | 2 |
_3Publisher description _uhttp://www.loc.gov/catdir/enhancements/fy0838/2008300046-d.html |
| 942 |
_2lcc _cBK _e1 st ed. _h31 _iMAN _k2008 |
||